Housing and jobs for the poor (Record no. 76345)

MARC details
000 -LEADER
fixed length control field 00794nam a2200181 a 4500
008 - FIXED-LENGTH DATA ELEMENTS--GENERAL INFORMATION
fixed length control field 120416s9999 ||||||||||||||||| || u
050 ## - LIBRARY OF CONGRESS CALL NUMBER
Classification number HD 7287 Win
100 ## - MAIN ENTRY--PERSONAL NAME
Personal name Winpenny, James T
245 10 - TITLE STATEMENT
Title Housing and jobs for the poor
246 ## -
-- the employment implications of public policies for the supply of low income housing
260 ## - PUBLICATION, DISTRIBUTION, ETC.
Place of publication, distribution, etc. London
Name of publisher, distributor, etc. Univ. College. Bartlett School of Archit
Date of publication, distribution, etc.
300 ## - PHYSICAL DESCRIPTION
Extent 52 pages
350 ## -
-- 0.00
650 #0 - SUBJECT ADDED ENTRY--TOPICAL TERM
Topical term or geographic name entry element HOUSING POLICY
650 ## - SUBJECT ADDED ENTRY--TOPICAL TERM
Topical term or geographic name entry element HOUSING
995 ## -
-- MAIN LIBRARY OPEN ACCESS
-- 0.00
-- 711272
-- CBU-MAIN LIBRARY (Kitwe)
-- 2
-- 0.00
-- HD 7287 Win
-- 2
-- LOST
-- 711272
-- Main Library Open Access Collection
995 ## -
-- BINDERY (DAMAGED)
-- 0.00
-- 703398
-- CBU-MAIN LIBRARY (Kitwe)
-- 1
-- 0.00
-- HD 7287 Win
-- 1
-- DAMAGED
-- 004354
-- Main Library Open Access Collection
999 ## -
-- 76345
-- 76345
Holdings
Withdrawn status Lost status Source of classification or shelving scheme Damaged status Not for loan Permanent Location Current Location Shelving location Date acquired Total Checkouts Full call number Barcode Date last seen Copy number Price effective from Koha item type
          CBU-MAIN LIBRARY, KITWE. CBU-MAIN LIBRARY, KITWE.   04/25/2023   HD 7287 Win 711272 04/25/2023 1 04/25/2023 MONOGRAPH
          CBU-MAIN LIBRARY, KITWE. CBU-MAIN LIBRARY, KITWE.   04/25/2023   HD 7287 Win 004354 04/25/2023 2 04/25/2023 MONOGRAPH